00573nam a2200169Ia 4500008004100000020001500041041001200056082001600068100002200084245005800106260002700164300000800191650001200199942000700211999001500218952017000233221030s9999 xx 000 0 und d a8124201641 aEnglish a105.23bSin aChitralekha Singh 0aHindu Festivals - Fairs & Factscby Chitralekha Singh bCrest PubaDelhic1999 a220 aGeneral cBK c7365d7365 pBE 3795g95.00l0o105.23 Sinr2024-06-13 00:00:00w2022-10-30yBK003Print4070aMIETLIBbMIETLIBcBL-Academic Block B, FL-2, CUP-21, SH-4, R-4d2001-04-2310HBE